00942nmc a2200325 a 4500003000900000005001700009008004100026020001800067040001300085245004500098250001200143260003300155300001100188490003700199504005600236650001400292650002800306650002200334650002800356650001400384650001500398700003000413700002900443700002200472700001800494700001700512700001800529800004100547800002800588AR-BaBNM20251128205535.0097119s1997 ||||||||||||||000 | spa|| a950-12-6113-1 cAR-BaBNM10aCorrientes didácticas contemporáneas a1ª ed. aBuenos AiresbPaidósc1997 a167 p. 0aCuestiones de educaciónvv. 13 aContiene bibliografía al final de cada capítulo 4aDIDACTICA 4aTEORIAS DE LA EDUCACION 4aDINAMICA DE GRUPO 4aTEORIAS DE LA EDUCACION 4aCURRICULO 4aEVALUACION1 aCamilloni, Alicia R.W. de1 aDavini, María Cristina1 aEdelstein, Gloria1 aLitwin, Edith1 aSouto, Marta1 aBarco, Susana1 aDelgadillo, María Carmenedirector1 aAlen, Beatrizedirector